| 000 | 00724nac a22001811ca4500 | ||
|---|---|---|---|
| 001 | a987694409 | ||
| 008 | 200716m1958 gw |||| 000u ger d | ||
| 020 |
_a3525563809 _93-525-56380-9 |
||
| 041 | _ager | ||
| 245 | 0 | 0 |
_aKirche im Osten : _bStudien zur osteuropäischen Kirchengeschichte und Kirchenkunde / _cIm Auftrag des Ostkirchenausschusses der Evangelischen Kirche in Deutschland und in Verbindung mit dem Ostkirchen-Institut der Westfälischen Wilhelms-Universität Münster ; Herausgegeben von Peter Hauptmann |
| 264 |
_aGöttingen : _bVanderboeck & Ruprecht, _c1958- |
||
| 300 | _aBände | ||
| 700 | 1 |
_aHauptmann, Peter _eHerausgeberIn |
|
| 942 | _cMG | ||
| 040 | _cRU-10907106 | ||
| 003 | RU-10907106 | ||
| 999 |
_c7337 _d7337 |
||